| 000 | 00593nam a22001697a 4500 | ||
|---|---|---|---|
| 008 | 171209b xxu||||| |||| 00| 0 eng d | ||
| 020 | _a1569300291 | ||
| 082 |
_22001 _aDC 610.73 _bC44 |
||
| 100 |
_924704 _aChin, Patricia,author. |
||
| 245 |
_aThe skidmore-roth outline series : _bFundamentals of nursing / _cPatricia Chin. |
||
| 260 |
_aTexas : _bA Skidmore-roth Publication, _c© 2001 |
||
| 300 |
_a202 pages ; _c23 cm. |
||
| 521 | _aIncludes bibliography. | ||
| 650 | 0 |
_924705 _aNursing _x Outlines, syllabi, etc. |
|
| 650 | 0 |
_924706 _aNursing Care _xmethods -- outlines. |
|
| 942 |
_2ddc _cDC |
||
| 999 |
_c8016 _d8016 |
||